Observations of total solar eclipse of 16 february 1980 (Preliminary results) (Record no. 6741)

MARC details
000 -LEADER
fixed length control field 00598nam a2200169Ia 4500
003 - CONTROL NUMBER IDENTIFIER
control field IN-BaIIA
008 - FIXED-LENGTH DATA ELEMENTS--GENERAL INFORMATION
fixed length control field 211028s9999 xx 000 0 eng d
040 ## - CATALOGING SOURCE
Transcribing agency IIA Library
080 ## - UNIVERSAL DECIMAL CLASSIFICATION NUMBER
Universal Decimal Classification number 523.947:520.86
Item number INSA
110 ## - MAIN ENTRY--CORPORATE NAME
Corporate name or jurisdiction name as entry element Indian National Science Academy
9 (RLIN) 10909
245 #0 - TITLE STATEMENT
Title Observations of total solar eclipse of 16 february 1980 (Preliminary results)
Statement of responsibility, etc. Indian National Science Academy
260 ## - PUBLICATION, DISTRIBUTION, ETC.
Place of publication, distribution, etc. New Delhi
Name of publisher, distributor, etc. Indian National Science Academy
Date of publication, distribution, etc. 1981
300 ## - PHYSICAL DESCRIPTION
Extent 130p.
650 ## - SUBJECT ADDED ENTRY--TOPICAL TERM
Topical term or geographic name entry element Astronomy and Astrophysics Thesaurus
650 ## - SUBJECT ADDED ENTRY--TOPICAL TERM
Topical term or geographic name entry element Solar Eclipse
9 (RLIN) 1412
942 ## - ADDED ENTRY ELEMENTS (KOHA)
Koha item type Books
Holdings
Withdrawn status Lost status Damaged status Not for loan Home library Current library Shelving location Date acquired Total Checkouts Full call number Barcode Date last seen Price effective from Koha item type
        IIA Library-Bangalore IIA Library-Bangalore General Stacks 07/05/1981   523.947:520.86/ INSA 7499 05/11/2021 07/05/1981 Books

Powered by Koha